| 000 | 01569nam0a2200361 4500 | ||
|---|---|---|---|
| 001 | RU\NLR\bibl\1120205 | ||
| 005 | 20260405094915.0 | ||
| 010 |
_a978-5-222-11456-8 _bВ пер. _94000 |
||
| 021 |
_aRU _b2007-47497 _92524 |
||
| 035 | _a(nilc)RSL-KNO-003147085 | ||
| 035 | _a(NLR Aleph) 001107190 | ||
| 090 |
_a1215266 _c1215266 |
||
| 100 | _a20070718d2007 |||y0rusy50 ca | ||
| 101 | 0 | _arus | |
| 102 | _aRU | ||
| 105 | _ay zzzz||||| | ||
| 200 | 1 |
_aРусское боевое искусство _fА. А. Кадочников, Ар. А. Кадочников |
|
| 210 |
_aРостов-на-Дону _cФеникс _d2007 |
||
| 215 |
_a317, [1] с. _cил., табл. _d24 |
||
| 225 | 1 | _aСерия "Система Кадочникова" | |
| 320 | _aБиблиогр.: с. 315-316 | ||
| 606 | 1 |
_aРукопашный бой _xКадочникова А.А. система _92293308 _3RU\NLR\auth\661373333 |
|
| 610 | 0 | _aКультура. Наука. Просвещение -- Физическая культура и спорт -- Рукопашный бой -- Русский -- Практическое руководство | |
| 686 |
_aЧ517.166русский,07 _2rubbk |
||
| 686 | _aЦ4,6(2)361.13 | ||
| 700 | 1 |
_4070 _8rus _7ca _aКадочников _bА.А. _f1935- _gАлексей Алексеевич _3RU\NLR\auth\7735503 _918500 |
|
| 701 | 1 |
_aКадочников _bА. А. _gАр. А. _4070 |
|
| 801 | 0 |
_aRU _bРКП _c20070718 _grcr |
|
| 801 | 1 |
_aRU _bРГБ _c20070718 |
|
| 801 | 2 |
_aRU _bNLR _c20070823 _grcr |
|
| 942 | _cBOOK | ||
| 980 | _aNB | ||